000 01132cam a22002531i 4500
003 SA-RiAUC
005 20250520090955.0
008 250518s1998 su g 000 0 ara c
040 _aSA-RiIMS
_bara
_cSA-RiAUC
_erda
082 0 4 _a252.2
090 _a252.2
_b ب ر ك
100 1 _aالبركلي، محمد بن بير علي بن إسكندر،
_d929-981 هجري
_eمؤلف.
245 1 0 _aمعدل الصلاة :
_bدراسة شاملة لمسائل تعديل الأركان في الصلاة /
_cتأليف محمد الأفندي الرومي البركلي ؛ تعليق عبد التواب الملتاني.
250 _aالطبعة الأولى.
264 1 _aالرياض :
_bمكتبة أضواء السلف،
_c1998
300 _a71 صفحة ؛
_c24 سم
336 _aنص
_btxt
_2rdacontent
_3كتاب
337 _aبدون وسيط
_bn
_2rdamedia
338 _aمجلد
_bnc
_2rdacarrier
650 7 _aالصلاة (فقه إسلامي)
_2aucsh
700 1 _aالملتاني، عبد التواب،
_d توفي 1366 هجري
_eمعلق.
942 _2ddc
_cBOOK
_n0
949 _aSA-JeALM
_d250518
_umohamedma123
_n1
999 _c8145
_d8145